Chargement en cours…

Estudio por espectroscopia de absorción en la región infrarroja del complejo de inclusión de un compuesto antineoplástico (metotrexato) en un cargador de fármacos magnéticamente dirigido

Détails bibliographiques
Cote:Libro Electrónico
Auteur principal: Bocanegra Diaz, A.
Collectivité auteur: e-libro, Corp
Autres auteurs: Ochoa Bejarano, R.
Format: Article
Langue:Español
Publié: Pamplona, Colombia : Universidad de Pamplona, 2006.
Sujets:
Accès en ligne:Texto completo

MARC

LEADER 00000nab a2200000 a 4500
001 ELB5439
003 FlNmELB
006 m o d |
007 cr cn|||||||||
008 201105r2006 ck |||||s|||||||||||spa d
022 |a 0120-4211 
035 |a (OCoLC)955399307 
040 |a FlNmELB  |b spa  |c FlNmELB 
050 4 |a TP261  |b B664 2006 
080 |a 543 
082 0 4 |a 543  |2 22 
100 1 |a Bocanegra Diaz, A. 
222 0 |a Bistua 
245 1 0 |a Estudio por espectroscopia de absorción en la región infrarroja del complejo de inclusión de un compuesto antineoplástico (metotrexato) en un cargador de fármacos magnéticamente dirigido  |h [recurso electronico]. 
260 |a Pamplona, Colombia :  |b Universidad de Pamplona,  |c 2006. 
300 |a 20-29 p. 
310 |a Semestral 
362 0 |a Vol. 4, No. 2(2006)- 
533 |a Recurso electrónico. Santa Fe, Arg.: e-libro, 2015. Disponible vía World Wide Web. El acceso puede estar limitado para las bibliotecas afiliadas a e-libro. 
650 4 |a Science.  |x Research. 
650 4 |a Ciencias.  |x Investigación. 
650 4 |a Science.  |x Chemistry.  |x Analytic. 
650 4 |a Ciencias.  |x química.  |x Analítico. 
655 4 |a Artículos electrónicos. 
700 1 |a Ochoa Bejarano, R. 
710 2 |a e-libro, Corp. 
856 4 0 |u https://elibro.uam.elogim.com/ereader/bidiuam/5439  |z Texto completo